000 00425nam a22001817a 4500
003 MPLRDC
005 20220104114701.0
008 210129b ||||| |||| 00| 0 eng d
020 _a7-80575-600-7
082 _a848.4 WM-4 c.2
100 _a王蒙著
245 _a我的喝酒
_c
250 _a一版一刷
260 _a
_b成都出版社
_c1993
300 _b
650 _a现代别集
942 _cBK
_o848.4 WM-4 c.2
999 _c9401
_d9391